LIBRARY & INFORMATION CENTRE, KCAET, TAVANUR

ONLINE PUBLIC ACCESS CATALOGUE (OPAC)

Advances in Agroforestry (Record no. 14427)

MARC details
000 -LEADER
fixed length control field 00289nam a22001217a 4500
020 ## - INTERNATIONAL STANDARD BOOK NUMBER
ISBN 9789381421154
082 ## - DEWEY DECIMAL CLASSIFICATION NUMBER
Classification number 634.99
Item number SAT/AD
100 ## - MAIN ENTRY--AUTHOR NAME
Personal name Satish Kumar Sinha
245 ## - TITLE STATEMENT
Title Advances in Agroforestry
260 ## - PUBLICATION, DISTRIBUTION, ETC. (IMPRINT)
Place of publication New Delhi
Name of publisher Random Publications
Year of publication 2012
300 ## - PHYSICAL DESCRIPTION
Number of Pages 264
942 ## - ADDED ENTRY ELEMENTS (KOHA)
Koha item type Books
Holdings
Withdrawn status Lost status Damaged status Collection code Home library Current library Shelving location Date acquired Source of acquisition Cost, normal purchase price Full call number Accession Number Koha item type
        KAUAET KAUAET General Stacks 30/06/2016 Calicut Books, Calicut 860.00 634.99 SAT/AD 23701 Books
free website counter